000 00571nam a22001577a 4500
005 20240530110334.0
008 140824b1996 ua g 00| 0 ara d
040 _aEG-CaGPL
082 0 4 _221
_a953.0713
_bس ح
100 _aسعيد سيد احمد ابو زيد
245 0 2 _aالحياة الاجتماعية فى الاندلس :
_bعصر دولتى المرابطين والموحدين /
_cسعيد سيد احمد ابو زيد
300 _a350 سم ؛
_c24 سم
650 0 7 _aدولة المرابطين
650 0 7 _aدولة الموحدين
942 _2ddc
_cBK
999 _c59758
_d59758